00424nam a2200109Ia 4500008004100000020001800041082001600059100002900075245008000104260003800184300009200222210430s9999 xx 000 0 und d a0-8247-2471-2 a660 E5615 E aEdited by John J.Mcketta aEncyclopedia of Chemical Processing and Design 48 /30 /21 /cJohn J.Mcketta aNew YorkbMarcel Dekker,INCc1994 a476p.b(21 Exp-Fin, Acc No. 3671) (30 Met-Mot, Acc No. 3672) (48 Res-Saf, Acc No. 1151)